| 000 | 00517nam a2200181Ia 4500 | ||
|---|---|---|---|
| 008 | 090630s9999 xx 000 0 und d | ||
| 082 | _b19043 | ||
| 100 | _aओशो. | ||
| 245 |
_aताओ उपनिषद्र. _cओशो. |
||
| 260 |
_bस्वामी - पुणे. _c1977 |
||
| 300 | _a48 | ||
| 600 | _aओशो. | ||
| 630 | _aताओ उपनिषद्र. | ||
| 655 | _aधार्मिक. | ||
| 700 | _aओशो. | ||
| 730 | _aताओ उपनिषद्र. | ||
| 942 | _cBOOK | ||
| 999 |
_c270899 _d270899 |
||